000 00846cam a2200217 a 4500
001 000001359
005 20200929145544.0
008 730815s1964 gw 000 0 ger d
040 _aDO-SdBNP
_bspa
_cBNPHU
082 _axxx
_bG389g
100 1 _aGeske, Rudolf,
_d1916-1960.
_94555
245 1 0 _aGóngoras Warnrede im Zeichen der Hekate :
_bein deutungsversuch zu den versen 366-502 der soledad primera /
_cRudolf Geske ; prólogo Walter Pabst.
260 _aBerlin :
_bColloquium Verlag,
_c1964.
300 _a134 p. ;
_c21 cm.
490 0 _aBibliotheca Ibero-Americana
_v5
504 _aReferencias bibliográficas p. 112-134.
600 2 0 _aGongora y Argote, Luis de,
_d1561-1627.
_tSoledades.
_94556
700 1 _aPabst, Walter,
_epról.
_94557
830 0 _aBibliotheca Ibero-Americana
_n5
_94558
830 0 _aBibliotheca Ibero-Americana,
_v5
_94559
999 _c1286
_d1286